<?xml version="1.0" encoding="UTF-8"?>
<record
    xmlns:xsi="http://www.w3.org/2001/XMLSchema-instance"
    xsi:schemaLocation="http://www.loc.gov/MARC21/slim http://www.loc.gov/standards/marcxml/schema/MARC21slim.xsd"
    xmlns="http://www.loc.gov/MARC21/slim">

  <leader>04414cam a2200301   4500500</leader>
  <controlfield tag="005">20251228064812.0</controlfield>
  <datafield tag="041" ind1=" " ind2=" ">
    <subfield code="a">fre</subfield>
  </datafield>
  <datafield tag="042" ind1=" " ind2=" ">
    <subfield code="a">dc</subfield>
  </datafield>
  <datafield tag="100" ind1="1" ind2="0">
    <subfield code="a">Retsin, Camille</subfield>
    <subfield code="e">author</subfield>
  </datafield>
  <datafield tag="245" ind1="0" ind2="0">
    <subfield code="a">&#xAB;&#xA0;Territoires z&#xE9;ro ch&#xF4;meur de longue dur&#xE9;e&#xA0;&#xBB;&#xA0;: Une&#xA0;exp&#xE9;rimentation territoriale au prisme de&#xA0;ses&#xA0;proximit&#xE9;s</subfield>
  </datafield>
  <datafield tag="260" ind1=" " ind2=" ">
    <subfield code="c">2022.
							</subfield>
  </datafield>
  <datafield tag="500" ind1=" " ind2=" ">
    <subfield code="a">81</subfield>
  </datafield>
  <datafield tag="520" ind1=" " ind2=" ">
    <subfield code="a">L&#x2019;objectif de cet article est de mettre en lumi&#xE8;re, dans le cadre d&#x2019;une &#xE9;tude exploratoire, la coordination d&#x2019;une diversit&#xE9; d&#x2019;acteurs sur un territoire autour de l&#x2019;exp&#xE9;rimentation &#xAB;&#xA0;Territoires z&#xE9;ro ch&#xF4;meur de longue dur&#xE9;e&#xA0;&#xBB;. Afin d&#x2019;envisager la coordination de la diversit&#xE9; de parties prenantes impliqu&#xE9;es dans ce projet de territoire, nous proposons de mobiliser le cadre th&#xE9;orique des proximit&#xE9;s dans un courant d&#x2019;inspiration institutionnaliste. Nous pr&#xE9;sentons, dans une d&#xE9;marche qualitative, une &#xE9;tude de cas men&#xE9;e dans le cadre d&#x2019;une th&#xE8;se de doctorat sur l&#x2019;un des dix territoires pionniers de l&#x2019;exp&#xE9;rimentation, le territoire de Jouques. Dans un premier temps, nous analysons la coordination permise par le d&#xE9;veloppement des proximit&#xE9;s entre une entreprise &#xE0; but d&#x2019;emploi et ses parties prenantes externes sur le territoire. Dans un second temps, nous montrons l&#x2019;adaptation progressive des comportements organisationnels de l&#x2019;entreprise &#xE0; but d&#x2019;emploi &#xE0; travers l&#x2019;&#xE9;volution des proximit&#xE9;s avec ses parties prenantes internes lui permettant de d&#xE9;velopper ses activit&#xE9;s et de ce fait son ancrage au territoire. Ainsi, nous souhaitons mettre en &#xE9;vidence que les proximit&#xE9;s permettent la coordination et l&#x2019;adaptation des comportements organisationnels de l&#x2019;entreprise &#xE0; but d&#x2019;emploi, et r&#xE9;ciproquement, nous soulignons que cette exp&#xE9;rimentation territoriale est aussi un levier de cr&#xE9;ation de proximit&#xE9;s. Nous concluons sur le fait que l&#x2019;adaptation des comportements organisationnels de l&#x2019;entreprise &#xE0; but d&#x2019;emploi conduit &#xE0; am&#xE9;liorer sa coordination avec les acteurs du territoire qu&#x2019;elle contribue &#xE0; construire dans le cadre de cette nouvelle action publique exp&#xE9;rimentale.</subfield>
  </datafield>
  <datafield tag="520" ind1=" " ind2=" ">
    <subfield code="a">The objective of this article is to highlight, in an exploratory study, the coordination of a diversity of actors in a territory around the experiment &#x201C;Territoires z&#xE9;ro ch&#xF4;meur de longue dur&#xE9;e&#x201D;. In order to consider the coordination of the diversity of stakeholders involved in this territorial project, we propose to mobilise the theoretical framework of proximities in a current of institutionalist inspiration. We present, in a qualitative approach, a case study carried out on one of the ten pioneer territories of the experimentation, the territory of Jouques carried out within the framework of a PhD thesis. Firstly, we analyse the coordination allowed by the development of proximities between a company with an employment objective and its external stakeholders in the territory. Secondly, we show the progressive adaptation of the organisational behaviours of the employment enterprise through the evolution of the proximities with its internal stakeholders allowing it to develop its activities and thus its anchoring to the territory. Thus, on the one hand, we wish to highlight that the proximities allow the coordination and the adaptation of the organisational behaviours of the employment enterprise, and reciprocally, we underline that this territorial experimentation is also a lever of creation of proximities. We conclude on the fact that the adaptation of its organisational behaviours leads to a better coordination of the company with the actors of the territory that it contributes to build in the framework of this new experimental public action.</subfield>
  </datafield>
  <datafield tag="690" ind1=" " ind2=" ">
    <subfield code="a">action publique</subfield>
  </datafield>
  <datafield tag="690" ind1=" " ind2=" ">
    <subfield code="a">comportements organisationnels</subfield>
  </datafield>
  <datafield tag="690" ind1=" " ind2=" ">
    <subfield code="a">coordination</subfield>
  </datafield>
  <datafield tag="690" ind1=" " ind2=" ">
    <subfield code="a">politique d&#x2019;emploi</subfield>
  </datafield>
  <datafield tag="690" ind1=" " ind2=" ">
    <subfield code="a">proximit&#xE9;s</subfield>
  </datafield>
  <datafield tag="690" ind1=" " ind2=" ">
    <subfield code="a">territoire</subfield>
  </datafield>
  <datafield tag="690" ind1=" " ind2=" ">
    <subfield code="a">constructed</subfield>
  </datafield>
  <datafield tag="690" ind1=" " ind2=" ">
    <subfield code="a">coordination</subfield>
  </datafield>
  <datafield tag="690" ind1=" " ind2=" ">
    <subfield code="a">organisational behaviour</subfield>
  </datafield>
  <datafield tag="690" ind1=" " ind2=" ">
    <subfield code="a">proximity</subfield>
  </datafield>
  <datafield tag="690" ind1=" " ind2=" ">
    <subfield code="a">territory</subfield>
  </datafield>
  <datafield tag="786" ind1="0" ind2=" ">
    <subfield code="n">Revue internationale de psychosociologie et de gestion des comportements organisationnels - RIPCO | XXVIII | 75 | 2022-12-20 | p. 23-40 | 2262-8401</subfield>
  </datafield>
  <datafield tag="856" ind1="4" ind2="1">
    <subfield code="u">https://shs.cairn.info/revue-internationale-de-psychosociologie-de-gestion-des-comportements-organisationnels-2023-75-page-23?lang=fr&amp;redirect-ssocas=7080</subfield>
  </datafield>
  <datafield tag="999" ind1=" " ind2=" ">
    <subfield code="c">1590182</subfield>
    <subfield code="d">1590183</subfield>
  </datafield>
</record>
